[Event "SEMI KG Fischer Defence (1) email"]
[Site "SEMI email"]
[Date "2000.04.15"]
[Round "?"]
[White "Scacco, Mauro"]
[Black "Del Carril, Jose Maria"]
[Result "1-0"]
[WhiteElo "2217"]
[BlackElo "1959"]
[PlyCount "63"]
[EventDate "2000.04.15"]
[EventType "tourn (corr)"]
[EventRounds "8"]
[EventCountry "ITA"]
[SourceTitle "Corr 2008"]
[Source "ChessBase"]
[SourceDate "2008.06.24"]
[SourceVersion "1"]
[SourceVersionDate "2008.06.24"]
[SourceQuality "1"]

1. e4 e5 2. f4 exf4 3. Nf3 d6 4. d4 g5 5. h4 g4 6. Ng1 Bh6 7. Nc3 Nc6 8. Nge2 f3 9. Nf4 fxg2 10. Bxg2 Bg7 11. Be3 Bd7 12. Qd2 Nf6 13. 0-0-0 Qe7 14. Nfd5 Qd8 15. Bg5 h6 16. Bxf6 Bxf6 17. Nxf6+ Qxf6 18. Nd5 Qd8 19. Qf4 Kf8 20. Rhf1 Be6 21. Ne3 Rh7 22. d5 Bd7 23. dxc6 bxc6 24. e5 d5 25. Bxd5 Qe7 26. Be4 Rg7 27. Qxh6 Rd8 28. Rf5 Bxf5 29. Rxd8+ Qxd8 30. Nxf5 Qd7 31. Qxg7+ Ke8 32. Qg8# 1-0

[Event "CAPA 7/I/15 email"]
[Site "Argentina"]
[Date "2000.??.??"]
[Round "4"]
[White "Arias Duval, Gonzalo Carlos"]
[Black "Del Carril, Jose Maria"]
[Result "1-0"]
[WhiteElo "2285"]
[BlackElo "2150"]
[PlyCount "69"]
[EventDate "2000.??.??"]
[EventType "tourn (corr)"]
[EventRounds "6"]
[EventCountry "ARG"]
[SourceTitle "Corr 2002"]
[Source "ChessBase"]
[SourceDate "2002.05.23"]
[SourceVersion "1"]
[SourceVersionDate "2002.05.23"]
[SourceQuality "1"]

1. e4 e5 2. Nf3 Nc6 3. Bb5 a6 4. Ba4 Nf6 5. 0-0 b5 6. Bb3 Bc5 7. a4 Bb7 8. d3 0-0 9. Nc3 b4 10. Nd5 h6 11. a5 d6 12. c3 bxc3 13. bxc3 Rb8 14. Qe2 Nxd5 15. Bxd5 Qf6 16. Be3 Bxe3 17. fxe3 Ne7 18. Bc4 d5 19. exd5 Nxd5 20. e4 Nf4 21. Qe3 Kh7 22. Rab1 Bc6 23. Rxb8 Rxb8 24. Nxe5 Qxe5 25. Qxf4 Qxf4 26. Rxf4 f6 27. Rf5 Rb1+ 28. Kf2 Bb7 29. Rc5 c6 30. e5 fxe5 31. Rxe5 Rb2+ 32. Ke3 Rxg2 33. Re8 Rxh2 34. Rb8 Ra2 35. Bxa2 1-0

[Event "CAPA 7/I/15 email"]
[Site "Argentina"]
[Date "2000.??.??"]
[Round "5"]
[White "Del Carril, Jose Maria"]
[Black "Jimenez, Joaquin Rodrigo"]
[Result "1/2-1/2"]
[WhiteElo "2150"]
[BlackElo "2220"]
[PlyCount "116"]
[EventDate "2000.??.??"]
[EventType "tourn (corr)"]
[EventRounds "6"]
[EventCountry "ARG"]
[SourceTitle "Corr 2002"]
[Source "ChessBase"]
[SourceDate "2002.05.23"]
[SourceVersion "1"]
[SourceVersionDate "2002.05.23"]
[SourceQuality "1"]

1. e4 e5 2. f4 exf4 3. Nf3 d6 4. d4 g5 5. h4 g4 6. Ng1 f5 7. Qe2 Qe7 8. exf5 Bxf5 9. Bxf4 Bxc2 10. Nc3 c6 11. Kd2 Qxe2+ 12. Ngxe2 Bg6 13. Re1 Nd7 14. Ng3+ Kd8 15. h5 Bf7 16. Nge4 Kc7 17. Ng5 Nh6 18. Bd3 Nf6 19. Ne6+ Bxe6 20. Rxe6 Nhg8 21. Bg5 Ne8 22. h6 Kb6 23. d5 Nc7 24. Be3+ c5 25. Re4 a6 26. Rxg4 Nf6 27. Rg5 Be7 28. b4 Rhg8 29. Rg7 Rxg7 30. hxg7 Rg8 31. bxc5+ dxc5 32. Rh6 Nce8 33. Na4+ Kc7 34. Bxc5 Rxg7 35. Bxe7 Rxe7 36. Nc3 Rg7 37. g4 Rxg4 38. Bxh7 Rg5 39. Bg6 Nd6 40. Bf7 Rg2+ 41. Ke1 Ng4 42. Rh7 Kb6 43. Rg7 Ne3 44. Rxg2 Nxg2+ 45. Kf2 Nxf7 46. Kxg2 Kc5 47. Kf3 Nd6 48. Kf4 Kd4 49. Nd1 b5 50. Ne3 a5 51. Kf3 b4 52. Ke2 Ne4 53. Kf3 Nd6 54. Ke2 Nb5 55. Kd2 Nc3 56. d6 Ne4+ 57. Kc2 Nxd6 58. Nd1 Nb7 1/2-1/2

[Event "SEMI Traxler theme-D corr"]
[Site "SEMI email"]
[Date "2000.??.??"]
[Round "?"]
[White "Malmstroem, Jan"]
[Black "Del Carril, Jose Maria"]
[Result "1-0"]
[WhiteElo "2274"]
[BlackElo "1827"]
[PlyCount "69"]
[EventDate "2000.11.10"]
[EventType "tourn (corr)"]
[EventRounds "6"]
[EventCountry "ITA"]
[SourceTitle "Corr 2008"]
[Source "ChessBase"]
[SourceDate "2008.06.24"]
[SourceVersion "1"]
[SourceVersionDate "2008.06.24"]
[SourceQuality "1"]

1. e4 e5 2. Nf3 Nc6 3. Bc4 Nf6 4. Ng5 Bc5 5. Nxf7 Bxf2+ 6. Kxf2 Nxe4+ 7. Ke3 Qe7 8. Nxh8 Qh4 9. Bf7+ Kf8 10. Qf1 Nf6 11. c3 d5 12. d3 Bd7 13. b3 d4+ 14. Kd2 dxc3+ 15. Nxc3 Nb4 16. Ba3 Qg5+ 17. Kd1 c5 18. Qf2 Rc8 19. Bc4 Ke7 20. Nf7 Qh5+ 21. Kd2 b5 22. Rae1 Ng4 23. Qf4 bxc4 24. Nxe5 Nf6 25. Bxb4 cxb4 26. Nd5+ Kd8 27. bxc4 a5 28. g4 Qe8 29. Rhf1 Be6 30. Nxf6 gxf6 31. Qd4+ Kc7 32. Qa7+ Kd8 33. Rxf6 Rc7 34. Qb8+ Bc8 35. Rd6+ 1-0

[Event "IECC Team FBIM email"]
[Site "UECC email"]
[Date "2000.??.??"]
[Round "4.15"]
[White "Martinez Uceda, Victoriano"]
[Black "Del Carril, Jose Maria"]
[Result "1-0"]
[WhiteElo "1400"]
[BlackElo "1959"]
[PlyCount "73"]
[EventDate "2000.03.??"]
[EventType "team (corr)"]
[EventRounds "10"]
[SourceTitle "Corr 2002"]
[Source "ChessBase"]
[SourceDate "2002.05.23"]
[SourceVersion "1"]
[SourceVersionDate "2002.05.23"]
[SourceQuality "1"]

1. d4 Nf6 2. c4 g6 3. Nc3 Bg7 4. e4 d6 5. Nf3 0-0 6. Be2 e5 7. 0-0 Nbd7 8. Be3 c6 9. d5 c5 10. Ne1 Nb6 11. a4 a5 12. Qd2 Bg4 13. f3 Bd7 14. Nb5 Ne8 15. Bg5 f6 16. Bh4 Qb8 17. Nc2 f5 18. exf5 Bxf5 19. b3 Bf6 20. Bxf6 Nxf6 21. f4 exf4 22. Rxf4 Ne4 23. Qc1 Ng5 24. Ne3 Bd7 25. Ng4 Bxg4 26. Bxg4 Rf7 27. Be6 Nxe6 28. Rxf7 Kxf7 29. dxe6+ Kg8 30. Qe3 Qd8 31. e7 Qd7 32. Nc7 Re8 33. Nxe8 Qxe8 34. Qe6+ Kg7 35. Rf1 Nd7 36. Rf7+ Qxf7 37. Qxd7 1-0

[Event "IECC Team FBIM email"]
[Site "UECC email"]
[Date "2000.??.??"]
[Round "9.15"]
[White "Rodriguez Perez, Rene"]
[Black "Del Carril, Jose Maria"]
[Result "1-0"]
[WhiteElo "2240"]
[BlackElo "1959"]
[PlyCount "116"]
[EventDate "2000.03.??"]
[EventType "team (corr)"]
[EventRounds "10"]
[SourceTitle "Corr 2002"]
[Source "ChessBase"]
[SourceDate "2002.05.23"]
[SourceVersion "1"]
[SourceVersionDate "2002.05.23"]
[SourceQuality "1"]

1. e4 e5 2. Nf3 Nc6 3. Bb5 a6 4. Bxc6 dxc6 5. 0-0 f6 6. d4 Bg4 7. dxe5 Qxd1 8. Rxd1 fxe5 9. Rd3 Bxf3 10. gxf3 Nf6 11. Be3 Bd6 12. Nd2 0-0 13. Rd1 c5 14. Nc4 Ne8 15. Kg2 b5 16. Nxd6 cxd6 17. h4 a5 18. a3 Rf6 19. Bg5 Rf7 20. Rd5 h6 21. Be3 a4 22. Kg3 Raa7 23. h5 Rf8 24. R1d3 Raf7 25. Bc1 Rf6 26. f4 exf4+ 27. Kf3 Re6 28. Bd2 Rf7 29. b4 axb3 30. cxb3 Ra7 31. Bc1 Ra6 32. Bb2 Nf6 33. Bxf6 Rxf6 34. e5 dxe5 35. Rxe5 c4 36. bxc4 bxc4 37. Rc3 Rac6 38. a4 Kf7 39. Re4 Rc5 40. Rcxc4 Rxh5 41. Rc7+ Kg8 42. Re8+ Kh7 43. Ree7 Rg5 44. Re4 h5 45. Rb7 Ra5 46. Ree7 Rg6 47. Rb5 Rxb5 48. axb5 Rb6 49. Re5 g6 50. Kxf4 Kh6 51. Rc5 Rd6 52. Rc6 Rd4+ 53. Kf3 Rb4 54. Rb6 Kg5 55. Rb8 Rb3+ 56. Kg2 Kh4 57. Rb7 Kg4 58. b6 g5 1-0

[Event "IECC Team FBIM email"]
[Site "UECC email"]
[Date "2000.??.??"]
[Round "11.15"]
[White "Santos, Sebastiao"]
[Black "Del Carril, Jose Maria"]
[Result "1/2-1/2"]
[WhiteElo "2148"]
[BlackElo "1959"]
[PlyCount "53"]
[EventDate "2000.03.??"]
[EventType "team (corr)"]
[EventRounds "10"]
[SourceTitle "Corr 2002"]
[Source "ChessBase"]
[SourceDate "2002.05.23"]
[SourceVersion "1"]
[SourceVersionDate "2002.05.23"]
[SourceQuality "1"]

1. e4 e5 2. Nf3 Nc6 3. d4 exd4 4. Nxd4 Nf6 5. Nxc6 dxc6 6. Qxd8+ Kxd8 7. Bg5 Be7 8. Nc3 Be6 9. 0-0-0+ Ke8 10. f4 h6 11. Bxh6 Rxh6 12. Be2 Bc5 13. f5 Bd7 14. Rd3 Bd6 15. e5 Bxf5 16. Rf3 Be6 17. exf6 Rxf6 18. Rxf6 gxf6 19. h4 Kd7 20. Ne4 f5 21. Nxd6 cxd6 22. Bf3 d5 23. h5 Ke7 24. Kd2 Rh8 25. Ke3 Kf6 26. Kf4 a6 27. b4 1/2-1/2

[Event "IECC Team FBIM email"]
[Site "UECC email"]
[Date "2000.??.??"]
[Round "14.15"]
[White "Vicioso Sanchez, Manuel"]
[Black "Del Carril, Jose Maria"]
[Result "1-0"]
[WhiteElo "2026"]
[BlackElo "1959"]
[PlyCount "77"]
[EventDate "2000.03.??"]
[EventType "team (corr)"]
[EventRounds "10"]
[SourceTitle "Corr 2002"]
[Source "ChessBase"]
[SourceDate "2002.05.23"]
[SourceVersion "1"]
[SourceVersionDate "2002.05.23"]
[SourceQuality "1"]

1. e4 d6 2. d4 Nf6 3. Nc3 g6 4. Nf3 Bg7 5. Bd3 0-0 6. 0-0 Nc6 7. d5 Nb4 8. Be2 c5 9. a3 Na6 10. Bf4 Qb6 11. Qd2 Bd7 12. Rab1 Rae8 13. h3 Nb8 14. e5 dxe5 15. Nxe5 Bf5 16. g4 Bc8 17. Nc4 Qd8 18. Bxb8 Bxg4 19. Bxa7 Bxh3 20. Rfd1 Nd7 21. Nb5 b6 22. a4 h6 23. Qe3 Bf5 24. Bd3 e6 25. d6 Bxd3 26. Rxd3 Qg5+ 27. Qxg5 hxg5 28. Nxb6 Ne5 29. Rc3 Nc6 30. Rxc5 Nxa7 31. Nxa7 Bd4 32. Rb5 Rb8 33. a5 Rbd8 34. c4 Rxd6 35. c5 Rdd8 36. Nc6 Bxf2+ 37. Kxf2 Rd2+ 38. Ke3 Rh2 39. a6 1-0

[Event "Eclipse-SEMI m corr"]
[Site "corr"]
[Date "1999.??.??"]
[Round "?.14"]
[White "Beyer Lecaros, Alfredo"]
[Black "Del Carril, Jose Maria"]
[Result "1-0"]
[WhiteElo "2074"]
[BlackElo "1977"]
[PlyCount "59"]
[EventDate "1999.10.??"]
[EventType "team (corr)"]
[EventRounds "2"]
[SourceTitle "Corr 2002"]
[Source "ChessBase"]
[SourceDate "2002.05.23"]
[SourceVersion "1"]
[SourceVersionDate "2002.05.23"]
[SourceQuality "1"]

1. e4 c5 2. c3 Nf6 3. e5 Nd5 4. d4 cxd4 5. Nf3 Nc6 6. Bc4 Nb6 7. Bb3 dxc3 8. Nxc3 d6 9. exd6 Qxd6 10. 0-0 Qxd1 11. Rxd1 Bg4 12. Nb5 Rc8 13. Be3 Bxf3 14. gxf3 e6 15. Nxa7 Nxa7 16. Bxb6 Nc6 17. Rac1 Be7 18. Ba4 0-0 19. Rd7 Bf6 20. Rxb7 Ne5 21. Rxc8 Rxc8 22. b4 Nxf3+ 23. Kg2 Nd2 24. Bd7 Ra8 25. a4 Nc4 26. Bc5 g6 27. a5 Nxa5 28. bxa5 Rxa5 29. Rb8+ Kg7 30. Bf8+ 1-0

[Event "EM/7/I/08 corr"]
[Site "CAPA email"]
[Date "1999.??.??"]
[Round "2"]
[White "Carson, Tarik"]
[Black "Del Carril, Jose Maria"]
[Result "1-0"]
[WhiteElo "2200"]
[BlackElo "2048"]
[PlyCount "75"]
[EventDate "1999.04.16"]
[EventType "tourn (corr)"]
[EventRounds "6"]
[EventCountry "ARG"]
[SourceTitle "Corr 2002"]
[Source "ChessBase"]
[SourceDate "2002.05.23"]
[SourceVersion "1"]
[SourceVersionDate "2002.05.23"]
[SourceQuality "1"]

1. g3 e5 2. Bg2 Nf6 3. c4 d5 4. cxd5 Nxd5 5. Nc3 Be6 6. Nf3 Nc6 7. 0-0 Be7 8. d3 0-0 9. Bd2 f5 10. Ng5 Nxc3 11. Nxe6 Nxd1 12. Nxd8 Raxd8 13. Rfxd1 Nd4 14. e3 Nb5 15. Bxb7 Rxd3 16. Ba5 Rfd8 17. Rxd3 Rxd3 18. Rc1 Bd8 19. Bc8 Nd6 20. Ba6 Rd5 21. Bxc7 Bf6 22. Rc2 e4 23. Bb8 Be7 24. Rc7 Kf7 25. Rxa7 Kf6 26. b4 Nb5 27. Rb7 Nc3 28. Bc4 Rd2 29. Ba7 Nxa2 30. Bd4+ Rxd4 31. exd4 Nxb4 32. Rb6+ Kg5 33. h4+ Kg4 34. Rb7 Bf8 35. Rf7 Nc6 36. d5 Ne5 37. Be2+ Nf3+ 38. Bxf3+ 1-0

[Event "SEMI A002 corr"]
[Site "SEMI email"]
[Date "1999.??.??"]
[Round "?"]
[White "Del Carril, Jose Maria"]
[Black "Almonti, Alessandro"]
[Result "0-1"]
[WhiteElo "2000"]
[BlackElo "1900"]
[PlyCount "52"]
[EventDate "1999.07.01"]
[EventType "tourn (corr)"]
[EventRounds "6"]
[EventCountry "ITA"]
[SourceTitle "Corr 2002"]
[Source "ChessBase"]
[SourceDate "2002.05.23"]
[SourceVersion "1"]
[SourceVersionDate "2002.05.23"]
[SourceQuality "1"]

1. e4 c5 2. Nf3 Nc6 3. d4 cxd4 4. Nxd4 g6 5. Nc3 Bg7 6. Be3 Nf6 7. Bc4 Qa5 8. 0-0 0-0 9. Bb3 d6 10. h3 Bd7 11. f4 Nxd4 12. Bxd4 Bc6 13. Qd3 Rad8 14. Qe3 Nd7 15. Nd5 Rde8 16. Bxg7 Kxg7 17. Rad1 Qc5 18. Qd4+ Qxd4+ 19. Rxd4 Nc5 20. e5 Nxb3 21. axb3 dxe5 22. fxe5 Rd8 23. Rfd1 Rxd5 24. Rxd5 Bxd5 25. Rxd5 Rc8 26. Rd4 Rxc2 0-1

[Event "SEMI ECT 3-A corr"]
[Site "SEMI email"]
[Date "1999.??.??"]
[Round "?"]
[White "Del Carril, Jose Maria"]
[Black "Scacco, Mauro"]
[Result "0-1"]
[WhiteElo "2000"]
[BlackElo "2020"]
[PlyCount "130"]
[EventDate "1999.??.??"]
[EventType "tourn (corr)"]
[EventRounds "8"]
[EventCountry "ITA"]
[SourceTitle "Corr 2008"]
[Source "ChessBase"]
[SourceDate "2008.06.24"]
[SourceVersion "1"]
[SourceVersionDate "2008.06.24"]
[SourceQuality "1"]

1. e4 e5 2. Nf3 Nc6 3. Bb5 Nf6 4. 0-0 Nxe4 5. Re1 Nd6 6. Nxe5 Be7 7. Bd3 0-0 8. Nc3 Bf6 9. Ng4 Bd4 10. Ne2 Bb6 11. Nf4 Ne8 12. Nd5 Bc5 13. c3 d6 14. b4 Qg5 15. Nge3 Bxe3 16. dxe3 Bg4 17. e4 Qh4 18. f3 Be6 19. Be3 Ne5 20. Bf2 Qd8 21. Bf1 c6 22. Nf4 Nc7 23. Nxe6 fxe6 24. Qc2 Qe7 25. Rad1 a5 26. Bg3 axb4 27. cxb4 Nf7 28. a4 e5 29. Bc4 Ne6 30. h3 Kh8 31. Bf2 Nf4 32. Be3 Ng5 33. Rf1 Rf6 34. Bb3 Raf8 35. Kh1 Rh6 36. Rd2 Qd7 37. Bxf4 Rxf4 38. Qd3 Rfh4 39. Kg1 Rxh3 40. Kf2 Rh2 41. Ke1 Qd8 42. Kd1 Rf6 43. Kc1 Rhh6 44. Rfd1 Rf8 45. Qe3 Qe7 46. Bc4 Rd8 47. g3 Rf8 48. Be2 d5 49. exd5 cxd5 50. Rxd5 Qxb4 51. Rc5 Qxa4 52. Qc3 Rc6 53. Rdd5 Ne6 54. Rxc6 bxc6 55. Rxe5 Nd4 56. Bc4 Qa7 57. Re3 Nf5 58. Re6 Qg1+ 59. Re1 Qxg3 60. Re4 h5 61. Be6 Qg1+ 62. Re1 Qd4 63. Qa3 Qf4+ 64. Kc2 Nd4+ 65. Kd1 Rd8 0-1

[Event "EM/7/I/12 corr"]
[Site "CAPA email"]
[Date "1999.??.??"]
[Round "2"]
[White "Longoni, Diego"]
[Black "Del Carril, Jose Maria"]
[Result "1-0"]
[WhiteElo "2000"]
[BlackElo "1996"]
[PlyCount "51"]
[EventDate "1999.09.15"]
[EventType "tourn (corr)"]
[EventRounds "6"]
[EventCountry "ARG"]
[SourceTitle "Corr 2002"]
[Source "ChessBase"]
[SourceDate "2002.05.23"]
[SourceVersion "1"]
[SourceVersionDate "2002.05.23"]
[SourceQuality "1"]

1. d4 Nf6 2. Bg5 d5 3. Bxf6 exf6 4. e3 Be7 5. c4 0-0 6. Nc3 Be6 7. cxd5 Bxd5 8. Nf3 Be6 9. Bd3 Nc6 10. d5 Nb4 11. Bxh7+ Kxh7 12. dxe6 fxe6 13. Nd4 e5 14. Qh5+ Kg8 15. Nf5 Qe8 16. Qg4 Rf7 17. 0-0 Kf8 18. Qg6 Qc8 19. f4 Qe6 20. Qh7 Ke8 21. Qg8+ Kd7 22. Qxa8 Qxf5 23. Rad1+ Bd6 24. Qxb7 a5 25. Nb5 Ke6 26. Qc8+ 1-0

[Event "SEMI ECT 3-A corr"]
[Site "SEMI email"]
[Date "1999.??.??"]
[Round "?"]
[White "Sorroche Lupion, Francisco"]
[Black "Del Carril, Jose Maria"]
[Result "1-0"]
[WhiteElo "2144"]
[BlackElo "2000"]
[PlyCount "133"]
[EventDate "1999.??.??"]
[EventType "tourn (corr)"]
[EventRounds "8"]
[EventCountry "ITA"]
[SourceTitle "Corr 2008"]
[Source "ChessBase"]
[SourceDate "2008.06.24"]
[SourceVersion "1"]
[SourceVersionDate "2008.06.24"]
[SourceQuality "1"]

1. e4 e5 2. Nf3 Nc6 3. Bb5 a6 4. Ba4 Nf6 5. 0-0 Be7 6. Re1 b5 7. Bb3 d6 8. c3 0-0 9. h3 Bb7 10. d4 Re8 11. Nbd2 Bf8 12. Bc2 Nb8 13. a4 Nbd7 14. Qe2 c6 15. dxe5 Nxe5 16. Nxe5 dxe5 17. Nf1 Qc7 18. Ng3 Rad8 19. Bg5 Be7 20. Nf5 h6 21. Nxe7+ Qxe7 22. Be3 Rd7 23. Bb6 Rc8 24. b4 Qd6 25. a5 Qd2 26. Qxd2 Rxd2 27. Rac1 Re8 28. Red1 Rxd1+ 29. Rxd1 c5 30. f3 cxb4 31. cxb4 Re7 32. Bc5 Rc7 33. Bb3 Nd7 34. Bb6 Nxb6 35. axb6 Re7 36. Rd8+ Kh7 37. h4 Kg6 38. Kf2 Kh5 39. g3 Kg6 40. Ke3 f6 41. Bg8 Bc6 42. g4 h5 43. Rc8 Bb7 44. Rf8 hxg4 45. fxg4 Bc6 46. Bb3 Bb7 47. h5+ Kg5 48. Rf7 Rxf7 49. Bxf7 Kxg4 50. Bd5 Bc8 51. Be6+ Bxe6 52. b7 Kxh5 53. b8Q Bc4 54. Qc8 Kg5 55. Qxa6 Kh6 56. Qc8 g5 57. Qxc4 bxc4 58. b5 g4 59. b6 c3 60. b7 c2 61. Kd2 Kg5 62. Kxc2 Kf4 63. Kd3 f5 64. exf5 Kxf5 65. b8Q g3 66. Qg8 Kf4 67. Qf7+ 1-0

[Event "EM/7/I/08 corr"]
[Site "CAPA email"]
[Date "1999.??.??"]
[Round "4"]
[White "Torres, Alejo Santiago Jose"]
[Black "Del Carril, Jose Maria"]
[Result "1-0"]
[WhiteElo "2107"]
[BlackElo "2048"]
[PlyCount "109"]
[EventDate "1999.04.16"]
[EventType "tourn (corr)"]
[EventRounds "6"]
[EventCountry "ARG"]
[SourceTitle "Corr 2002"]
[Source "ChessBase"]
[SourceDate "2002.05.23"]
[SourceVersion "1"]
[SourceVersionDate "2002.05.23"]
[SourceQuality "1"]

1. c4 Nf6 2. Nc3 g6 3. d4 d5 4. cxd5 Nxd5 5. e4 Nxc3 6. bxc3 Bg7 7. Bc4 0-0 8. Ne2 Nd7 9. 0-0 Nf6 10. f3 b6 11. Bg5 c6 12. Rb1 Ne8 13. Qd2 Nd6 14. Bb3 a5 15. a4 Ba6 16. Rfe1 Qc7 17. Ba2 Nc4 18. Qc1 Rfd8 19. Qf4 Qb7 20. Qh4 Rd7 21. Bh6 Bh8 22. Nf4 e5 23. Nd3 exd4 24. Nc5 Qc8 25. Nxd7 Qxd7 26. e5 Nxe5 27. f4 Nc4 28. Re7 Qd6 29. Rxb6 Bf6 30. Rxa6 Rd8 31. Rxf7 dxc3 32. Rg7+ Bxg7 33. Bxc4+ Kh8 34. Bxg7+ Kxg7 35. Ra7+ Rd7 36. Rxd7+ Qxd7 37. Bb3 c5 38. Qe1 Qd4+ 39. Qf2 Qb4 40. Bc2 c4 41. Qd4+ Kf7 42. Qh8 Qb2 43. Qxh7+ Kf8 44. Qh6+ Ke7 45. Qg7+ Kd8 46. Qf6+ Kc8 47. Bxg6 Qc1+ 48. Kf2 Qd2+ 49. Kg3 Qe3+ 50. Kg4 Qe2+ 51. Kh3 Qe3+ 52. g3 Kc7 53. Qf7+ Kb8 54. Qxc4 Qb6 55. f5 1-0

[Event "SEMI EU-ch1 email"]
[Site "SEMI email"]
[Date "1998.??.??"]
[Round "?"]
[White "Blake, Michael J"]
[Black "Del Carril, Jose Maria"]
[Result "1/2-1/2"]
[WhiteElo "1700"]
[BlackElo "2000"]
[PlyCount "83"]
[EventDate "1998.??.??"]
[EventType "tourn (corr)"]
[EventRounds "10"]
[EventCountry "ITA"]
[SourceTitle "Corr 2008"]
[Source "ChessBase"]
[SourceDate "2008.06.24"]
[SourceVersion "1"]
[SourceVersionDate "2008.06.24"]
[SourceQuality "1"]

1. e4 d6 2. d4 Nf6 3. f3 g6 4. Be3 Bg7 5. Nc3 c6 6. Qd2 Nbd7 7. g4 h6 8. Nge2 b5 9. Ng3 Nb6 10. h4 e6 11. Be2 a5 12. h5 g5 13. Kf2 b4 14. Nd1 Bb7 15. c3 bxc3 16. bxc3 0-0 17. f4 c5 18. fxg5 Nxe4+ 19. Nxe4 Bxe4 20. Rh2 cxd4 21. cxd4 f5 22. gxh6 f4 23. Kg1 Bxh6 24. Bf2 Bg5 25. Nc3 Bb7 26. Qd3 f3 27. Qg6+ Kh8 28. Bd3 Qe7 29. Re1 Rf4 30. Rxe6 Rxg4+ 31. Kh1 Qg7 32. Qxg7+ Kxg7 33. Rxd6 Bd8 34. d5 Bc7 35. h6+ Kf7 36. Rxb6 Bxb6 37. Bxb6 Rc8 38. Rc2 Rh4+ 39. Kg1 Rxh6 40. Bxa5 Rh5 41. Kf2 Rh2+ 42. Kxf3 1/2-1/2

[Event "SEMI ECT2 A email"]
[Site "SEMI email"]
[Date "1998.??.??"]
[Round "?"]
[White "Del Carril, Jose Maria"]
[Black "Capoccia, Angelo Antonio"]
[Result "0-1"]
[WhiteElo "2000"]
[BlackElo "2000"]
[PlyCount "92"]
[EventDate "1998.??.??"]
[EventType "tourn (corr)"]
[EventRounds "14"]
[EventCountry "ITA"]
[SourceTitle "Corr 2008"]
[Source "ChessBase"]
[SourceDate "2008.06.24"]
[SourceVersion "1"]
[SourceVersionDate "2008.06.24"]
[SourceQuality "1"]

1. d4 e6 2. c4 Nf6 3. Nf3 b6 4. Nc3 Bb7 5. a3 d5 6. cxd5 Nxd5 7. Nxd5 Qxd5 8. e3 Nc6 9. Bd2 Bd6 10. Bd3 0-0 11. Qc2 Qh5 12. Be4 Na5 13. Bxb7 Nxb7 14. 0-0 c5 15. Rac1 Rfd8 16. Rfd1 cxd4 17. exd4 Rd7 18. Be3 Rad8 19. b4 Bb8 20. Re1 Rc7 21. Qe4 Rcd7 22. Bf4 Nd6 23. Qd3 Qd5 24. Ne5 Nf5 25. Re4 Bxe5 26. Bxe5 f6 27. Bc7 Rc8 28. Bf4 Rxc1+ 29. Bxc1 Nxd4 30. Re1 e5 31. f4 Nc6 32. Qxd5+ Rxd5 33. Kf2 Kf7 34. fxe5 Nxe5 35. Ke2 b5 36. Rd1 Rxd1 37. Kxd1 Ke6 38. Be3 a6 39. Ke2 Kd5 40. Bf4 Kc4 41. Ke3 Kc3 42. Ke4 Nc4 43. h4 Nxa3 44. Bd6 Nc2 45. Bf8 g6 46. Bg7 Kxb4 0-1

[Event "SEMI EU-ch1 email"]
[Site "SEMI email"]
[Date "1998.??.??"]
[Round "?"]
[White "Del Carril, Jose Maria"]
[Black "Salomone, Nestor"]
[Result "1-0"]
[WhiteElo "2000"]
[BlackElo "1730"]
[PlyCount "95"]
[EventDate "1998.??.??"]
[EventType "tourn (corr)"]
[EventRounds "10"]
[EventCountry "ITA"]
[SourceTitle "Corr 2008"]
[Source "ChessBase"]
[SourceDate "2008.06.24"]
[SourceVersion "1"]
[SourceVersionDate "2008.06.24"]
[SourceQuality "1"]

1. e4 e5 2. Nf3 Nc6 3. Bb5 a6 4. Ba4 Nf6 5. 0-0 b5 6. Bb3 Bb7 7. d3 d6 8. c3 Be7 9. Nbd2 0-0 10. d4 Re8 11. Re1 exd4 12. Nxd4 Nxd4 13. cxd4 Bf8 14. Bc2 c5 15. d5 Nd7 16. Nf3 Ne5 17. Nxe5 dxe5 18. Be3 f5 19. f3 f4 20. Bf2 Rc8 21. Bd3 c4 22. Bf1 Bc5 23. Bxc5 Rxc5 24. Qc2 Rf8 25. Rac1 Rf6 26. Red1 Rh6 27. Qf2 Rc7 28. Rc3 Qe8 29. b3 Qh5 30. h3 Rd6 31. bxc4 bxc4 32. Rb1 Qe8 33. Bxc4 Qc8 34. Rbc1 Qd8 35. Bb3 Rxc3 36. Rxc3 Qe7 37. Qa7 Kf8 38. Ba4 Qh4 39. Rc1 Qe7 40. Qb8+ Rd8 41. Qc7 Rc8 42. Qxe7+ Kxe7 43. Rb1 Rc7 44. Rb6 Kd8 45. Rd6+ Kc8 46. Re6 Rc1+ 47. Kh2 Rc4 48. Bb3 1-0

[Event "EM/7/I/06 email"]
[Site "CAPA email"]
[Date "1998.??.??"]
[Round "5"]
[White "Precerutti, Juan Arturo"]
[Black "Del Carril, Jose Maria"]
[Result "1/2-1/2"]
[WhiteElo "2124"]
[BlackElo "1995"]
[PlyCount "75"]
[EventDate "1998.11.23"]
[EventType "tourn (corr)"]
[EventRounds "6"]
[EventCountry "ARG"]
[SourceTitle "Corr 2002"]
[Source "ChessBase"]
[SourceDate "2002.05.23"]
[SourceVersion "1"]
[SourceVersionDate "2002.05.23"]
[SourceQuality "1"]

1. e4 c5 2. Nc3 Nc6 3. g3 g6 4. Bg2 Bg7 5. d3 d6 6. f4 e6 7. Nf3 Nge7 8. 0-0 Bd7 9. Rb1 0-0 10. Bd2 Nd4 11. Ne2 Nec6 12. Nexd4 Nxd4 13. c3 Nxf3+ 14. Qxf3 Qa5 15. a3 Bc6 16. Qe2 f5 17. exf5 exf5 18. Bxc6 bxc6 19. Qe6+ Kh8 20. Qxd6 Rad8 21. Qxc6 Rxd3 22. Be1 Qb6 23. Qxb6 axb6 24. Bf2 Rfd8 25. Rfe1 R3d6 26. Re2 Kg8 27. Rbe1 R8d7 28. Kg2 Kf7 29. Kf3 Rd3+ 30. Re3 Rd2 31. R1e2 R2d6 32. b4 Rd3 33. bxc5 bxc5 34. a4 Bxc3 35. Rxd3 Rxd3+ 36. Re3 Rxe3+ 37. Bxe3 Bb4 38. a5 1/2-1/2